Heuristic solution of the vehicle routing problem

Enregistré dans:
Détails bibliographiques
Auteur principal: Čičková, Zuzana, 1978-
Collectivité auteur: Fakulta hospodárskej informatiky EU. Katedra operačného výskumu a ekonometrie
Autres auteurs: Brezina, Ivan, 1963-, Pekár, Juraj, 1972-
Format: Livre
Langue:anglais
Publié: Bratislava 2011
Sujets:
Tags: Ajouter un tag
Pas de tags, Soyez le premier à ajouter un tag!

MARC

LEADER 00000nam$a2200000$$$4500
001 0144475
005 20240502072606.2
041 0 |a eng 
044 |a SK 
245 1 0 |a Heuristic solution of the vehicle routing problem  |c Zuzana Čičková, Ivan Brezina, Juraj Pekár 
264 1 |a Bratislava  |c 2011 
300 |a 14 s. 
610 2 0 |a modelovanie 
610 2 0 |a algoritmy 
610 2 0 |a funkcie matematické 
610 2 0 |a simulácia 
100 1 |a Čičková, Zuzana, 1978- 
700 1 |a Brezina, Ivan, 1963- 
700 1 |a Pekár, Juraj, 1972- 
710 2 |a Fakulta hospodárskej informatiky EU. Katedra operačného výskumu a ekonometrie